Państwa, w których cyrylica jest głównym alfabetem - Statystyki

Ogólne statystyki
  • Ten quiz został rozwiązany 1 293 razy
  • Średni wynik to 10 z 12
Statystyki odpowiedzi
Status cyrylicy Państwo % Poprawnych
Główny alfabet Rosja
99%
Główny alfabet Ukraina
98%
Główny alfabet Białoruś
97%
Ma przestać pełnić funkcje głównego alfabetu do 2025 roku Kazachstan
91%
Główny alfabet Bułgaria
84%
Jeden z głównych alfabetów Serbia
84%
Główny alfabet Kirgistan
75%
Główny alfabet Tadżykistan
75%
Główny alfabet Macedonia
72%
Jeden z głównych alfabetów Bośnia i Hercegowina
69%
Jeden z głównych alfabetów Czarnogóra
69%
Główny alfabet Mongolia
69%
Nie znaleziono quizów pasujących do podanych kryteriów
Rozkład punktacji
Procent ludzi z każdym wynikiem
Percentyl według liczby udzielonych odpowiedzi
Twoja historia wyników
Nie rozwiązałeś tego quizu